History Quiz

Random History Quiz

Israeli Party Leaders (clickable) Quiz Stats

 Plays Quiz not verified by Sporcle

Also try: Old City Maps
Challenge
Share
Tweet
Embed
Score 0/10 Timer 02:00
0 Plays Today
% Correct
Benjamin Netanyahu
90.2%
Naftali Bennett
82%
Yair Lapid
78.7%
Avigdor Lieberman
78.7%
Isaac Herzog
77%
Ayman Odeh
70.5%
Yaalov Litzman
70.5%
Moshe Kahlon
67.2%
Zahava Gal-On
65.6%
Aryeh Deri
59%

You're not logged in!

Compare scores with friends on all Sporcle quizzes.
OR
Log In

You Might Also Like...

Show Comments

Extras

Top Quizzes Today


Score Distribution

Your Account Isn't Verified!

In order to create a playlist on Sporcle, you need to verify the email address you used during registration. Go to your Sporcle Settings to finish the process.

Report this User

Report this user for behavior that violates our Community Guidelines.

Details: